000 00693cam1a220022900 4500
001 tmp15682541
003 UPRA
005 20190822120104.0
008 951003s1967 ne eng u
035 _a(Sirsi) r94957
035 _a(UPRA)tmp15682541
040 _cUPRA
100 1 _aLodder, Jacomina.
_6A52647.1
245 1 4 _aThe yeasts :
_ba taxonomic study /
_cby J. Lodder and N.J.W. Kreger-van Rij.
260 _aAmsterdam :
_bNorth-Holland,
_c1967.
500 _aFirst published in 1952.
504 _aIncludes bibliographies.
650 0 _aYeast.
_6S6826.1
700 2 _aKreger-Van Rij, N. J. W.
_6A53593.1
949 _aQR151
_wlcc
_i-134065
_mMAIN
_tBOOK
_lON-SHELF
004 94957
999 _c134455
_d134455